All'ombra calda dell'Islam /

Gespeichert in:
Bibliographische Detailangaben
1. Verfasser: Eberhardt, Isabelle (Verfasst von)
Weitere Verfasser: Mascia, Ilaria (Übersetzung)
Format: Buch
Sprache:Italienisch
Veröffentlicht: Roma : Elliot, 2017
Schriftenreihe:Antidoti
Tags: Tag hinzufügen
Keine Tags, Fügen Sie das erste Tag hinzu!

MARC

LEADER 00000nam a22000007i 4500
001 IT\ICCU\RAV\2062488
003 ItRI
005 20260115232136.0
008 170711s2017 it |||||| ||||| |||||c
020 |a 9788869933912 
040 |b ita  |c importazione bologna sebina 
041 7 |a ita  |2 ISO-639-2 
100 1 |a Eberhardt, Isabelle  |0 IT\ICCU\RAVV\031110  |4 aut 
240 1 0 |a Dans l'ombre chaude de l'Islam  |3 IT\ICCU\RAV\1984681  |9 Eberhardt, Isabelle 
245 1 0 |a All'ombra calda dell'Islam /  |c Isabelle Eberhardt ; traduzione a cura di Ilaria Mascia. 
260 |a Roma :  |b Elliot,  |c 2017 
300 |a 150 p. ;  |c 21 cm 
700 1 |a Mascia, Ilaria  |0 IT\ICCU\UBOV\433445  |4 trl 
830 0 |a Antidoti  |0 IT\ICCU\LO1\1136816 
942 |2 ddc  |c BK  |n 0 
952 |0 0  |1 0  |4 0  |6 L_848_803000000000000_EBE  |7 0  |9 20785  |a BO  |b BO  |d 2026-01-15  |i 18749  |l 0  |o L 848.803 EBE  |p BO18749  |r 2026-01-15 23:21:36  |w 2026-01-15  |x [Sebina 5] [1 v.]  |y BK  |z 1 v. 
999 |c 17760  |d 17760